Weezer-Buddy Holly (Lyrics) - Statistics

General Stats
  • This quiz has been taken 1,787 times
    1,786 since last reset
  • The average score is 190 of 251
Answer Stats
Lyrics % Correct
I
96%
The
96%
What
96%
A
95%
Buddy
95%
Do
95%
Do?
95%
Holly
94%
You
93%
You?
93%
Oh-wee-hoo
92%
Just
91%
Like
91%
They
91%
And
90%
(And)
90%
Oh-oh
90%
That
90%
My
88%
Don't
87%
We
86%
Your
86%
About
85%
Care
85%
Look
85%
Girl?
84%
With
84%
Say
83%
Tyler
82%
What's
82%
Why
82%
Mary
81%
Moore
81%
Oh
81%
These
81%
Us
81%
Dissing
80%
Anyway
79%
Homies,
79%
To
79%
Know
78%
You're
77%
So
75%
Did
74%
Ever
74%
I'm
72%
Guys
71%
Mine
69%
Gotta
68%
Them
68%
Front?
67%
Yours
64%
Made
63%
Violent?
61%
Woo-hoo
61%
Are
55%
No!
55%
(That's)
53%
(All)
52%
On
52%
(For)
50%
But
48%
Matter
48%
Matter,
48%
(Time)
47%
Is
46%
Can't
43%
Shoe
43%
Bang,
42%
Bang
42%
Oh-oh
42%
Always
41%
Lost
41%
Floor
40%
Twisted,
40%
Door
39%
Down
39%
Feeling
39%
Knock
39%
Need
39%
Now
39%
Eyes
37%
Babe,
36%
Guardian
36%
Run,
36%
Fear,
35%
Sick
35%
Tongue
35%
Blue?
33%
Kick
31%
Near
29%
Woo-hoo
27%
Help
26%
Slit
26%
Another
25%
Big
24%
No matching quizzes found
Score Distribution
Percent of People with Each Score
Percentile by Number Answered
Your Score History
You have not taken this quiz since the last reset